La vida de un roble / (Record no. 196392)

MARC details
000 -CABECERA
campo de control de longitud fija 00641nam a2200217 u 4500
005 - FECHA Y HORA DE LA ÚLTIMA TRANSACCIÓN
campo de control 20220916063647.0
008 - ELEMENTOS DE LONGITUD FIJA--INFORMACIÓN GENERAL
campo de control de longitud fija 180419s2000 eu r 000 0 spa d
020 ## - NÚMERO INTERNACIONAL NORMALIZADO PARA LIBROS
Número Internacional Estándar del Libro 0153484284
035 ## - NÚMERO DE CONTROL DEL SISTEMA
Número de control de sistema UPN01000224295
049 ## - COLECCIÓN
Colección I
050 #4 - SIGNATURA TOPOGRÁFICA DE LA BIBLIOTECA DEL CONGRESO
Número de clasificación QK475.8
Número de documento/Ítem K3.8
100 1# - ASIENTO PRINCIPAL--NOMBRE PERSONAL
Nombre de persona Kahkonen, Sharon
9 (RLIN) 33632
245 13 - MENCIÓN DE TÍTULO
Título La vida de un roble /
Mención de responsabilidad, etc. Sharon Kahkonen.
260 ## - PUBLICACIÓN, DISTRIBUCIÓN, ETC.
Lugar de publicación, distribución, etc. Orlando, E.U.A. :
Nombre del editor, distribuidor, etc. Harcourt,
Fecha de publicación, distribución, etc. [201-?].
300 ## - DESCRIPCIÓN FÍSICA
Extensión 16 p. :
Otras características físicas il.
650 #4 - ASIENTO SECUNDARIO DE MATERIA - TERMINO TEMATICO
Término de materia o nombre geográfico como elemento de entrada ARBOLES -
Subdivisión de forma LITERATURA INFANTIL
9 (RLIN) 11051
650 #4 - ASIENTO SECUNDARIO DE MATERIA - TERMINO TEMATICO
Término de materia o nombre geográfico como elemento de entrada ARBOLES -
Subdivisión general CULTIVO Y REPRODUCCION
9 (RLIN) 7097
650 #7 - ASIENTO SECUNDARIO DE MATERIA - TERMINO TEMATICO
Término de materia o nombre geográfico como elemento de entrada Libros ilustrados para niños
Fuente del encabezamiento o término
9 (RLIN) 21365
905 ## - TIPO DE MATERIAL
Tipo de material Infantil
Holdings
Estado de retiro Estado de pérdida Fuente del sistema de clasificación o colocación Estado dañado No para préstamo Código de colección Localización permanente Ubicación/localización actual Ubicación en estantería Fecha de adquisición Clasificación Código de barras Fecha visto por última vez Número de copia Tipo de ítem Koha
    Library of Congress Classification     Infantil Bib. Gregorio Torres Quintero Bib. Gregorio Torres Quintero Sala infantil Planta baja 10/05/2023 QK475.8 K3.8 319524 31/12/2020 1 Libro